Spieler mit mindestens 10 Toren in einer Champions League Saison - Statistiken

Allgemein
  • Dieses Quiz wurde 771 mal gespielt
    341 seit der letzten Aktualisierung
  • Das Durchschnittsergebnis liegt bei 31 aus 38
Antwortstatistiken
Saison Verein Tore Spieler % Korrekt
2011/12 Real Madrid 10 Cristiano Ronaldo
99%
2012/13 Real Madrid 12 Cristiano Ronaldo
99%
2013/14 Real Madrid 17 Cristiano Ronaldo
99%
2014/15 Real Madrid 10 Cristiano Ronaldo
99%
2015/16 Real Madrid 16 Cristiano Ronaldo
99%
2016/17 Real Madrid 12 Cristiano Ronaldo
99%
2017/18 Real Madrid 15 Cristiano Ronaldo
99%
2010/11 FC Barcelona 12 Lionel Messi
99%
2011/12 FC Barcelona 14 Lionel Messi
99%
2014/15 FC Barcelona 10 Lionel Messi
99%
2016/17 FC Barcelona 11 Lionel Messi
99%
2018/19 FC Barcelona 12 Lionel Messi
99%
2012/13 Borussia Dortmund 10 Robert Lewandowski
98%
2019/20 FC Bayern München 15 Robert Lewandowski
98%
2021/22 FC Bayern München 13 Robert Lewandowski
98%
2024/25 FC Barcelona 11 Robert Lewandowski
98%
2024/25 FC Bayern München 11 Harry Kane
97%
2019/20 Borussia Dortmund 10 Erling Haaland
94%
2020/21 Borussia Dortmund 10 Erling Haaland
94%
2022/23 Manchester City 12 Erling Haaland
94%
2017/18 FC Liverpool 10 Mo Salah
93%
2021/22 Real Madrid 15 Karim Benzema
87%
2017/18 FC Liverpool 10 Sadio Mané
86%
2024/25 Borussia Dortmund 13 Serhou Guirassy
86%
2014/15 FC Barcelona 10 Neymar
84%
2017/18 FC Liverpool 10 Roberto Firmino
80%
2013/14 Paris Saint-Germain 10 Zlatan Ibrahimović
80%
2011/12 FC Bayern München 12 Mario Gómez
78%
2024/25 FC Barcelona 13 Raphinha
70%
2006/07 AC Mailand 10 Kaká
59%
1999/00 Real Madrid 10 Raúl
50%
1997/98 Juventus Turin 10 Alessandro Del Piero
48%
2001/02 Manchester United 10 Ruud van Nistelrooy
44%
2002/03 Manchester United 12 Ruud van Nistelrooy
44%
2021/22 Ajax Amsterdam 11 Sébastien Haller
43%
1999/00 FC Barcelona 10 Rivaldo
42%
2002/03 AC Mailand 10 Filippo Inzaghi
38%
1999/00 FC Porto 10 Mário Jardel
9%
Keine übereinstimmenden Quizze gefunden
Verteilung der Resultate
Anzahl Personen mit jedem Resultat
Perzentil nach korrekt beantworteten Fragen
Ihre Resultats-Entwicklung
Sie haben dieses Quiz seit der letzten Aktualisierung nicht gespielt